The transition may not be so smooth (Record no. 118501)

MARC details
000 -LEADER
fixed length control field 00853cam a2200205 4500
001 - CONTROL NUMBER
control field ABS68753
008 - FIXED-LENGTH DATA ELEMENTS--GENERAL INFORMATION
fixed length control field 050217n2005 000 0 eng u
035 ## - SYSTEM CONTROL NUMBER
System control number (Sirsi) u128831
100 ## - MAIN ENTRY--PERSONAL NAME
Personal name Baylis, C.
245 #4 - TITLE STATEMENT
Title The transition may not be so smooth
260 ## - PUBLICATION, DISTRIBUTION, ETC.
Date of publication, distribution, etc. 2005
490 ## - SERIES STATEMENT
Series statement Estates Gazette
Volume/sequential designation (0504) 29 January 2005, 162-163(2)
520 ## - SUMMARY, ETC.
Summary, etc. Discusses the changes made by the Licensing Act 2003 due to come into effect later in 2005. Liquor licensing will no longer come under the jurisdiction of the magistrates' courts but rather the local authority. Explains that any application to convert or vary an existing licence must be made within a transitional phase, the last day being 6 August 2005.
590 ## - LOCAL NOTE (RLIN)
Local note ABS
590 ## - LOCAL NOTE (RLIN)
Local note ABS
650 ## - SUBJECT ADDED ENTRY--TOPICAL TERM
Topical term or geographic name entry element LICENSING ACT 2003
650 ## - SUBJECT ADDED ENTRY--TOPICAL TERM
Topical term or geographic name entry element LICENSED PREMISES
690 ## - LOCAL SUBJECT ADDED ENTRY--TOPICAL TERM (OCLC, RLIN)
Topical term or geographic name as entry element LAW-UK
942 ## - ADDED ENTRY ELEMENTS (KOHA)
Suppress in OPAC 0
Holdings
Withdrawn status Lost status Source of classification or shelving scheme Damaged status Not for loan Home library Current library Shelving location Date acquired Total Checkouts Full call number Barcode Date last seen Copy number Price effective from Koha item type
    Dewey Decimal Classification     London London Journal article 17/02/2005   ABS68753 128831-1001 06/08/2019 1 06/08/2019 Journal article